| 000 | 01074cam a2200289 a 4500 | ||
|---|---|---|---|
| 001 | 16099486 | ||
| 005 | 20170105102347.0 | ||
| 008 | 100222s2010 enka b 001 0 eng | ||
| 010 | _a 2010003984 | ||
| 020 | _a9780470997659 (cloth) | ||
| 020 | _a0470997656 (cloth) | ||
| 040 |
_aDLC _cDLC _dDLC |
||
| 042 | _apcc | ||
| 050 | 0 | 0 |
_aTK7872.D48 _bD37 2010 |
| 082 | 0 | 0 |
_a681.2 _222 |
| 100 | 1 | _aDargie, Waltenegus. | |
| 245 | 1 | 0 |
_aFundamentals of wireless sensor networks : theory and practice _btheory and practice _cWaltenegus Dargie, Christian Poellabauer. |
| 260 |
_aChichester, West Sussex, U.K. ; _aHoboken, NJ : _bWiley, _c2010. |
||
| 300 |
_axviii, 311 p. : _bill. ; _c25 cm. |
||
| 490 | 0 | _aWiley series on wireless communications and mobile computing | |
| 504 | _aIncludes bibliographical references and index. | ||
| 650 | 0 | _aWireless sensor networks. | |
| 700 | 1 | _aPoellabauer, Christian. | |
| 906 |
_a7 _bcbc _corignew _d1 _eecip _f20 _gy-gencatlg |
||
| 942 |
_2ddc _cBK |
||
| 999 |
_c11724 _d11724 |
||